Auditing (Record no. 14424)
[ view plain ]
| 000 -LEADER | |
|---|---|
| fixed length control field | 00493nam a22001817a 4500 |
| 003 - CONTROL NUMBER IDENTIFIER | |
| control field | URS |
| 005 - DATE AND TIME OF LATEST TRANSACTION | |
| control field | 20220114171646.0 |
| 008 - FIXED-LENGTH DATA ELEMENTS--GENERAL INFORMATION | |
| fixed length control field | 170327b xxu||||| |||| 00| 0 eng d |
| 020 ## - INTERNATIONAL STANDARD BOOK NUMBER | |
| International Standard Book Number | 0256188009 |
| 050 ## - LIBRARY OF CONGRESS CALL NUMBER | |
| Classification number | HF5667 |
| Item number | R72 1996 |
| 100 ## - MAIN ENTRY--PERSONAL NAME | |
| Personal name | Robertson, Jack C. |
| Relator code | author |
| 245 ## - TITLE STATEMENT | |
| Title | Auditing |
| Statement of responsibility, etc. | Jack C. Robertson |
| 250 ## - EDITION STATEMENT | |
| Edition statement | Eighth Edition |
| 260 ## - PUBLICATION, DISTRIBUTION, ETC. | |
| Place of publication, distribution, etc. | Chicago: |
| Name of publisher, distributor, etc. | Irwin, |
| Date of publication, distribution, etc. | 1996 |
| 300 ## - PHYSICAL DESCRIPTION | |
| Extent | xxiii, 983 pages; |
| Dimensions | 26 cm. |
| 490 ## - SERIES STATEMENT | |
| Series statement | Irwin series in undergraduate accounting |
| 942 ## - ADDED ENTRY ELEMENTS (KOHA) | |
| Koha item type | Foreign Books |
| Source of classification or shelving scheme | Library of Congress Classification |
| Withdrawn status | Source of classification or shelving scheme | Damaged status | Not for loan | Collection code | Home library | Current library | Shelving location | Date acquired | Total Checkouts | Full call number | Barcode | Date last seen | Price effective from | Koha item type |
|---|---|---|---|---|---|---|---|---|---|---|---|---|---|---|
| Library of Congress Classification | Non-fiction | Binangonan College Library | Binangonan College Library | Foreign Section | 06/07/2023 | HF5667 R72 1996 | URSBIN-0201 | 04/27/2016 | 04/27/2016 | Foreign Books |